Los Cuarenta hadices / (Record no. 14777)

MARC details
000 -LEADER
campo de control de longitud fija 00682nam a2200229 i 4500
001 - NÚMERO DE CONTROL
campo de control 14777
003 - IDENTIFICADOR DE NÚMERO DE CONTROL
campo de control ES-MaACL
005 - FECHA Y HORA DE LA ÚLTIMA TRANSACCIÓN
campo de control 20230906150904.0
007 - CAMPO FIJO DE DESCRIPCIÓN FÍSICA--INFORMACIÓN GENERAL
campo de control de longitud fija t|
008 - DATOS DE LONGITUD FIJA--INFORMACIÓN GENERAL
campo de control de longitud fija 990603s1979 sp ||||1| spa d
080 ## - NÚMERO DE LA CLASIFICACIÓN DECIMAL UNIVERSAL
Número de la Clasificación Decimal Universal 297.18
245 04 - MENCIÓN DEL TÍTULO
Título Los Cuarenta hadices /
Mención de responsabilidad, etc. [recopilado por] Nawawiyah ; explicado por Nezar Ahmad Al-Sabbagh.
250 ## - MENCION DE EDICION
Mención de edición 1ª ed.
260 ## - PUBLICACIÓN, DISTRIBUCIÓN, ETC.
Lugar de publicación, distribución, etc. Granada :
Nombre del editor, distribuidor, etc. La Casa Islámica,
Fecha de publicación, distribución, etc. 1979.
300 ## - DESCRIPCIÓN FÍSICA
Extensión 166 p. ;
Dimensiones 17 cm.
500 ## - NOTA GENERAL
Nota general Texto en árabe y en español.
650 14 - PUNTO DE ACCESO ADICIONAL DE MATERIA--TÉRMINO DE MATERIA
Término de materia o nombre geográfico como elemento de entrada Hadit.
9 (RLIN) 13290
700 1# - ENTRADA AGREGADA--NOMBRE PERSONAL
Nombre de persona Naw-awí, Al.
9 (RLIN) 85237
700 1# - ENTRADA AGREGADA--NOMBRE PERSONAL
Nombre de persona Nezar Ahmad Al-Sabbagh.
9 (RLIN) 85521
710 2# - ENTRADA AGREGADA--NOMBRE DE ENTIDAD CORPORATIVA
Nombre de entidad corporativa o nombre de jurisdicción como elemento de entrada La Casa Islámica.
9 (RLIN) 5452
852 ## - LOCALIZACIÓN
Ubicación ES-MaACL
Número de control de estantería L-21960
Sublocalización o colección R.112024
Holdings
Estatus retirado Estado de pérdida Estado de daño No para préstamo Biblioteca de origen Biblioteca actual Ubicación en estantería Fecha de adquisición Fuente de adquisición Total de préstamos Signatura topográfica completa Código de barras Visto por última vez Precio de reemplazo Tipo de ítem Koha
        Biblioteca del Ateneo de Madrid Biblioteca del Ateneo de Madrid Depósito 2 17/01/2008     L-21960 1015027 23/02/2023 23/02/2023 Libro impreso